000
00297nam a2200097Ia 4500
008
240331s9999 xx 000 0 und d
082
_a
303.6
_b
JAY
100
_a
Jayawardena, K
245
0
_a
Ethnic and class conflict in Sri Lanka :
_b
the emergence of Sinhala-Buddhist conciousness 1883-1983
942
_c
L
999
_c
1262
_d
1262